00393 a2200157 4500001000700000003000400007005001700011008004100028082001600069100002200085245006100107250001200168260002700180300001000207700001800217001637OSt20211201161027.0  a541.3bS32P1 aSilbey, Robert J.1 aPhysical chemistrycby Robert J. Silbey and R.A. Alberty a4th ed. aNew DelhibWileyc2009 a944p. aAlberty, R.A.